Statistics for Countries by Borders - First Alphabetical

Click here to take the quiz!

General Stats

  • This quiz has been taken 87 times
    (32 since last reset)
  • The average score is 55 of 152

Answer Stats

Country% Correct
Portugal
100%
Spain
100%
Andorra
95%
Belgium
95%
France
95%
Germany
95%
Austria
91%
Czechia
91%
Poland
86%
Belarus
82%
Estonia
82%
Latvia
82%
Russia
82%
Azerbaijan
73%
Armenia
68%
Georgia
68%
Albania
64%
Bulgaria
64%
Greece
64%
Kosovo
64%
Turkey
64%
Bosnia and Herzegovina
59%
Croatia
59%
Hungary
59%
Moldova
59%
Montenegro
59%
Romania
59%
Slovakia
59%
Ukraine
59%
Serbia
55%
North Macedonia
50%
Italy
36%
Liechtenstein
36%
San Marino
36%
Slovenia
36%
Switzerland
36%
Chad
32%
Vatican City
32%
Afghanistan
27%
Algeria
27%
Angola
27%
Bangladesh
27%
Benin
27%
Bhutan
27%
Botswana
27%
Brunei
27%
Burkina Faso
27%
Burundi
27%
Cambodia
27%
Cameroon
27%
Central African Republic
27%
China
27%
Cote d'Ivoire
27%
Djibouti
27%
D. R. Congo
27%
East Timor
27%
Egypt
27%
Equatorial Guinea
27%
Eritrea
27%
Eswatini
27%
Ethiopia
27%
Finland
27%
Gabon
27%
Gambia
27%
Ghana
27%
Guinea
27%
Guinea-Bissau
27%
India
27%
Indonesia
27%
Iran
27%
Iraq
27%
Israel
27%
Jordan
27%
Kazakhstan
27%
Kenya
27%
Kuwait
27%
Kyrgyzstan
27%
Laos
27%
Lesotho
27%
Liberia
27%
Libya
27%
Lithuania
27%
Malawi
27%
Malaysia
27%
Mali
27%
Mauritania
27%
Mongolia
27%
Morocco
27%
Mozambique
27%
Myanmar
27%
Namibia
27%
Nepal
27%
Niger
27%
Nigeria
27%
North Korea
27%
Norway
27%
Oman
27%
Pakistan
27%
Papua New Guinea
27%
Qatar
27%
Republic of the Congo
27%
Rwanda
27%
Saudi Arabia
27%
Senegal
27%
Sierra Leone
27%
Somalia
27%
South Africa
27%
South Korea
27%
South Sudan
27%
Sudan
27%
Tajikistan
27%
Tanzania
27%
Thailand
27%
Togo
27%
Tunisia
27%
Turkmenistan
27%
Uganda
27%
United Arab Emirates
27%
Uzbekistan
27%
Vietnam
27%
Yemen
27%
Zambia
27%
Zimbabwe
27%
Argentina
23%
Belize
23%
Bolivia
23%
Brazil
23%
Canada
23%
Chile
23%
Colombia
23%
Costa Rica
23%
Denmark
23%
El Salvador
23%
Guatemala
23%
Guyana
23%
Honduras
23%
Lebanon
23%
Luxembourg
23%
Mexico
23%
Netherlands
23%
Nicaragua
23%
Panama
23%
Paraguay
23%
Peru
23%
Suriname
23%
Sweden
23%
Syria
23%
United States
23%
Uruguay
23%
Venezuela
23%
Ecuador
18%
Monaco
18%

Score Distribution

Percentile by Number Answered

Percent of People with Each Score

Your Score History

You have not taken this quiz since the last reset